[Event "CHN-ch U16"]
[Site "Shanghai"]
[Date "2024.02.20"]
[Round "9"]
[White "Wei, Jianzhou"]
[Black "Zhang, Kaiwen"]
[Result "1-0"]
[WhiteElo "1829"]
[BlackElo "1477"]
[PlyCount "61"]
[EventDate "2024.02.16"]
[EventType "swiss"]
[EventRounds "11"]
[EventCountry "CHN"]
[SourceTitle "CB09_2024"]
[SourceDate "2024.02.28"]
[SourceVersion "1"]
[SourceVersionDate "2024.02.28"]
[SourceQuality "1"]

1. d4 d5 2. c4 c6 3. Nf3 Nf6 4. e3 e6 5. Nc3 Nbd7 6. Qc2 Be7 7. Bd2 0-0 8. 0-0-0 dxc4 9. Bxc4 b5 10. Bd3 Bb7 11. e4 b4 12. Na4 c5 13. dxc5 Bc6 14. Bxb4 Qb8 15. Bc3 Bxa4 16. Qxa4 Nxc5 17. Qc2 Nxd3+ 18. Qxd3 Qf4+ 19. Nd2 Ng4 20. f3 Rfd8 21. Qe2 Nf6 22. Kb1 Rdc8 23. Rc1 a5 24. Nc4 Rc5 25. Bd4 Rc6 26. Qe3 Qc7 27. Ne5 Rxc1+ 28. Rxc1 Qb7 29. Qc3 Rf8 30. Qxa5 Ra8 31. Qb6 1-0

[Event "Asia Cup U14"]
[Site "Shenzhen"]
[Date "2019.12.23"]
[Round "6.1"]
[White "Wang, Benchi"]
[Black "Wei, Jianzhou"]
[Result "0-1"]
[WhiteElo "1747"]
[BlackElo "1755"]
[PlyCount "93"]
[EventDate "2019.12.19"]
[EventType "team-tourn"]
[EventRounds "9"]
[EventCountry "CHN"]
[SourceTitle "CBM 194 Extra"]
[Source "ChessBase"]
[SourceDate "2020.03.31"]
[SourceVersion "1"]
[SourceVersionDate "2020.03.31"]
[SourceQuality "1"]
[WhiteTeam "China IV"]
[BlackTeam "China II"]
[WhiteTeamCountry "CHN"]
[BlackTeamCountry "CHN"]

1. d4 d5 2. Bf4 Nf6 3. e3 e6 4. Nd2 c5 5. c3 Bd6 6. Bb5+ Nc6 7. Bxc6+ bxc6 8. Bxd6 Qxd6 9. Ngf3 Ba6 10. Qa4 Bb5 11. Qa3 Nd7 12. Nb3 0-0 13. Nxc5 Nxc5 14. Qxc5 Qc7 15. a4 Ba6 16. b4 Rfc8 17. Nd2 Rab8 18. Nb3 Bc4 19. Ra3 Rb6 20. Nd2 Bd3 21. f4 a6 22. Kf2 Rcb8 23. Rc1 Bf5 24. c4 Rxb4 25. cxd5 Rb2 26. Ke1 exd5 27. Qxc6 Qe7 28. Rac3 g6 29. g3 Rxd2 30. Kxd2 Qe4 31. Qc7 Qg2+ 32. Ke1 Rb2 33. R3c2 Qg1+ 34. Ke2 Qxh2+ 35. Kd1 Qg1+ 36. Ke2 Qg2+ 37. Ke1 Qxg3+ 38. Ke2 Qg2+ 39. Ke1 Rxc2 40. Rxc2 Qxc2 41. Qd8+ Kg7 42. Qxd5 Qe4 43. Qb3 Qb1+ 44. Qxb1 Bxb1 45. d5 Be4 46. d6 Kf6 47. d7 0-1

[Event "Asia Cup U14"]
[Site "Shenzhen"]
[Date "2019.12.21"]
[Round "4.2"]
[White "Wei, Jianzhou"]
[Black "Tsogtbayar, Batlut"]
[Result "1-0"]
[WhiteElo "1755"]
[BlackElo "1404"]
[PlyCount "115"]
[EventDate "2019.12.19"]
[EventType "team-tourn"]
[EventRounds "9"]
[EventCountry "CHN"]
[SourceTitle "CBM 194 Extra"]
[Source "ChessBase"]
[SourceDate "2020.03.31"]
[SourceVersion "1"]
[SourceVersionDate "2020.03.31"]
[SourceQuality "1"]
[WhiteTeam "China II"]
[BlackTeam "Mongolia II"]
[WhiteTeamCountry "CHN"]
[BlackTeamCountry "MGL"]

1. d4 d5 2. c4 c6 3. Nf3 Nf6 4. Nc3 dxc4 5. a4 Bf5 6. e3 e6 7. Bxc4 Bb4 8. 0-0 0-0 9. Qe2 Bg6 10. Ne5 Nbd7 11. Nxg6 hxg6 12. Rd1 Qe7 13. Na2 Bd6 14. e4 e5 15. d5 cxd5 16. Bxd5 Nc5 17. Nc3 Ne6 18. Nb5 Nd4 19. Nxd4 exd4 20. Bg5 Rfe8 21. Bxf6 Qxf6 22. Qg4 Rab8 23. Rd3 Re7 24. Rf3 Qe5 25. Rh3 Qf4 26. Qxg6 Rc7 27. g3 Qf6 28. Qh7+ Kf8 29. Rh5 g6 30. Qh8+ Ke7 31. Qxf6+ Kxf6 32. Rh7 g5 33. Rh6+ Ke7 34. e5 Bc5 35. Rh7 Rf8 36. Rc1 a5 37. Rg7 b6 38. h4 gxh4 39. gxh4 Ke8 40. e6 Bd6 41. exf7+ Kd8 42. Rxc7 Bxc7 43. Rg8 Ke7 44. h5 Bf4 45. Kf1 d3 46. Bc4 d2 47. Ke2 Bh6 48. Bb3 Bf4 49. f3 Be5 50. Kxd2 Bxb2 51. Kd3 Bf6 52. Ke4 Ba1 53. Kf5 Bf6 54. Rxf8 Kxf8 55. Kxf6 b5 56. h6 b4 57. Be6 b3 58. h7 1-0

[Event "Wch U10"]
[Site "Weifang"]
[Date "2019.09.01"]
[Round "11"]
[White "Wei, Jianzhou"]
[Black "Meng, Yihan"]
[Result "0-1"]
[WhiteElo "1656"]
[BlackElo "1793"]
[PlyCount "104"]
[EventDate "2019.08.21"]
[EventType "swiss"]
[EventRounds "11"]
[EventCountry "CHN"]
[SourceTitle "EXT 2020"]
[Source "ChessBase"]
[SourceDate "2019.10.17"]
[SourceVersion "1"]
[SourceVersionDate "2019.10.17"]
[SourceQuality "1"]

1. d4 Nf6 2. c4 g6 3. Nc3 d5 4. cxd5 Nxd5 5. e4 Nxc3 6. bxc3 Bg7 7. Nf3 c5 8. Rb1 0-0 9. Be2 b6 10. 0-0 e6 11. Ba3 Qc7 12. Qd3 Rd8 13. Rfd1 Bb7 14. Qe3 Nd7 15. Bd3 Nf6 16. dxc5 bxc5 17. Bc2 Rxd1+ 18. Rxd1 h6 19. h3 Rc8 20. Nd2 c4 21. Nb1 a5 22. Qe2 Ne8 23. Ba4 Nf6 24. Bc2 Ne8 25. Ba4 Nf6 26. Bc2 Nd7 27. Ba4 Ne5 28. Bd6 Qb6 29. Bc2 Rd8 30. Be7 Rxd1+ 31. Qxd1 Kh7 32. Bd8 Qb2 33. a4 Nc6 34. Bc7 Bxc3 35. Bd6 Bg7 36. Ba3 Qd4 37. Qe1 c3 38. Qe2 Nb4 39. Bxb4 Qxb4 40. Qd3 Qb2 41. Qd1 f5 42. f3 Ba6 43. exf5 exf5 44. g4 Qb6+ 45. Kg2 fxg4 46. hxg4 Qe3 47. Be4 Bd4 48. Kh1 Be2 49. Qe1 Bxf3+ 50. Bxf3 Qxe1+ 51. Kg2 Qxb1 52. Be2 c2 0-1

[Event "Wch U10"]
[Site "Weifang"]
[Date "2019.08.31"]
[Round "10"]
[White "Ilamparthi, AR."]
[Black "Wei, Jianzhou"]
[Result "0-1"]
[WhiteElo "1984"]
[BlackElo "1656"]
[PlyCount "162"]
[EventDate "2019.08.21"]
[EventType "swiss"]
[EventRounds "11"]
[EventCountry "CHN"]
[SourceTitle "EXT 2020"]
[Source "ChessBase"]
[SourceDate "2019.10.17"]
[SourceVersion "1"]
[SourceVersionDate "2019.10.17"]
[SourceQuality "1"]

1. Nf3 d5 2. g3 Nf6 3. Bg2 Bf5 4. 0-0 c6 5. d3 h6 6. Nbd2 e6 7. c4 Be7 8. Rb1 a5 9. b3 0-0 10. Bb2 Na6 11. a3 Bh7 12. Ne5 Re8 13. Ndf3 Qc7 14. Qd2 Rad8 15. Rfc1 d4 16. Re1 c5 17. e3 dxe3 18. Qxe3 Bd6 19. Rbc1 Qe7 20. Rcd1 Nb8 21. Qd2 Bc7 22. Qc3 Qf8 23. Nh4 b6 24. Nhf3 Bd6 25. h3 Nfd7 26. Ng4 f6 27. d4 h5 28. Ngh2 e5 29. d5 e4 30. Nd2 f5 31. h4 Ne5 32. Bf1 Nbd7 33. Be2 Nf6 34. Qe3 Qf7 35. Qg5 Bg6 36. Kh1 Ned7 37. Qe3 Nh7 38. f4 exf3 39. Qxf3 f4 40. gxf4 Bxf4 41. Rf1 Bxh2 42. Kxh2 Qe7 43. Rf2 Qxh4+ 44. Kg2 Qe7 45. Rg1 Ng5 46. Qg3 Nf8 47. Kh2 Nfh7 48. Nf3 Rf8 49. Rfg2 h4 50. Nxh4 Be4 51. Rf2 Rxf2+ 52. Qxf2 Rf8 53. Qg3 Bxd5 54. Bd3 Be4 55. Re1 Rf7 56. Bc1 Rf6 57. Kg1 Re6 58. Rf1 Bxd3 59. Qxd3 Ne4 60. Qd5 Nf8 61. Nf5 Qe8 62. Nh4 Nf6 63. Qf3 Re4 64. Ng2 Ne6 65. Bb2 Nd4 66. Bxd4 cxd4 67. Rd1 Qe5 68. b4 g5 69. c5 bxc5 70. bxc5 Kg7 71. c6 Qc5 72. Qg3 d3+ 73. Kh1 Ng4 74. c7 Re6 75. Nf4 Rh6+ 76. Kg2 Qc2+ 77. Kf3 Qxd1+ 78. Ke4 Qa4+ 79. Kf5 Qd7+ 80. Kxg5 Nf6 81. Qf3 Nh7# 0-1

[Event "Wch U10"]
[Site "Weifang"]
[Date "2019.08.30"]
[Round "9"]
[White "Materia, Marco"]
[Black "Wei, Jianzhou"]
[Result "0-1"]
[WhiteElo "2236"]
[BlackElo "1656"]
[PlyCount "118"]
[EventDate "2019.08.21"]
[EventType "swiss"]
[EventRounds "11"]
[EventCountry "CHN"]
[SourceTitle "EXT 2020"]
[Source "ChessBase"]
[SourceDate "2019.10.17"]
[SourceVersion "1"]
[SourceVersionDate "2019.10.17"]
[SourceQuality "1"]

1. d4 d5 2. c4 c6 3. Nc3 e6 4. e3 Nf6 5. Nf3 Nbd7 6. Qc2 b6 7. Bd3 Bb7 8. b3 Be7 9. 0-0 0-0 10. Bb2 h6 11. Qe2 dxc4 12. bxc4 c5 13. Rad1 cxd4 14. exd4 Re8 15. Ne5 Rc8 16. f4 Qc7 17. Nb5 Qb8 18. f5 Nf8 19. fxe6 Nxe6 20. Bf5 a6 21. d5 Bc5+ 22. Kh1 axb5 23. dxe6 fxe6 24. Bg6 Rf8 25. Rxf6 Rxf6 26. Bf7+ Rxf7 27. Nxf7 Qf4 28. Nd8 Bd5 29. cxd5 Rxd8 30. Qxe6+ Kh7 31. Qe5 Qg4 32. Re1 Rf8 33. h3 Qg6 34. Bd4 Rf5 35. Qe4 Rf1+ 36. Kh2 Rxe1 37. Qxe1 Bxd4 38. Kh1 Qf5 39. d6 Qd5 40. Qb1+ g6 41. Qd3 Qxd6 42. Qxb5 Be5 43. Qf1 Kg7 44. Qb1 Qd4 45. Qf1 Qa1 46. Qg1 Kf6 47. g4 Qxg1+ 48. Kxg1 Kg5 49. Kf2 Kh4 50. Ke3 Kxh3 51. Ke4 Bc7 52. Kd5 Kxg4 53. Kc6 Bd8 54. Kd7 Bh4 55. a4 Bf2 56. Kc6 h5 57. Kb5 h4 58. a5 bxa5 59. Kxa5 h3 0-1

[Event "Wch U10"]
[Site "Weifang"]
[Date "2019.08.29"]
[Round "8"]
[White "Wei, Jianzhou"]
[Black "Nguyen, Anh Khoa"]
[Result "1-0"]
[WhiteElo "1656"]
[BlackElo "1341"]
[PlyCount "87"]
[EventDate "2019.08.21"]
[EventType "swiss"]
[EventRounds "11"]
[EventCountry "CHN"]
[SourceTitle "EXT 2020"]
[Source "ChessBase"]
[SourceDate "2019.10.17"]
[SourceVersion "1"]
[SourceVersionDate "2019.10.17"]
[SourceQuality "1"]

1. d4 Nf6 2. c4 g6 3. Nc3 Bg7 4. e4 d6 5. f3 0-0 6. Be3 Nc6 7. Nge2 a6 8. Qd2 Na5 9. Nc1 Nd7 10. Na4 c5 11. Rb1 cxd4 12. Bxd4 Bxd4 13. Qxd4 Nc6 14. Qd2 f5 15. exf5 Rxf5 16. Bd3 Rf6 17. Be4 Nde5 18. 0-0 Kg7 19. b3 Be6 20. Ne2 Bg8 21. Nac3 e6 22. Bxc6 Qb6+ 23. Kh1 Nxc6 24. Ne4 Rff8 25. Qc3+ e5 26. Nxd6 Rad8 27. c5 Qc7 28. Rfd1 Rf6 29. Qe3 Be6 30. Ng3 h6 31. Nge4 Rff8 32. Rd2 Rd7 33. b4 Rfd8 34. a4 g5 35. b5 axb5 36. axb5 Ne7 37. Nxg5 hxg5 38. Qxe5+ Kh7 39. Qxe6 Qxc5 40. Qf7+ Kh8 41. Ne8 Qe5 42. Rxd7 Rxd7 43. Nf6 Qf5 44. Qf8+ 1-0

[Event "East Asia-ch U10 3rd"]
[Site "Shanghai"]
[Date "2018.08.05"]
[Round "5.2"]
[White "Wei, Jianzhou"]
[Black "Song, Linxuan"]
[Result "1/2-1/2"]
[WhiteElo "1611"]
[BlackElo "1432"]
[PlyCount "68"]
[EventDate "2018.08.02"]
[EventType "swiss"]
[EventRounds "9"]
[EventCountry "CHN"]
[SourceTitle "EXT 2022"]
[Source "ChessBase"]
[SourceDate "2021.10.06"]
[SourceVersion "1"]
[SourceVersionDate "2021.10.06"]
[SourceQuality "1"]

1. d4 Nf6 2. c4 g6 3. Nc3 Bg7 4. e4 d6 5. f3 0-0 6. Be3 e5 7. d5 Nfd7 8. Qd2 f5 9. 0-0-0 b6 10. g3 a5 11. b3 Na6 12. Nge2 Ndc5 13. h4 fxe4 14. fxe4 Bg4 15. Bg2 a4 16. Bxc5 bxc5 17. Rhf1 axb3 18. axb3 Nb4 19. Kb2 Rxf1 20. Rxf1 Qe7 21. Bf3 Rf8 22. Qe3 h5 23. Ng1 Kh7 24. Qe2 Bxf3 25. Rxf3 Bh6 26. Nh3 Kg7 27. Ng1 Kh7 28. Qf1 Rxf3 29. Qxf3 Kg7 30. Nh3 Qd7 31. Nf2 Qe7 32. Nh3 Qd7 33. Nf2 Qe7 34. Ne2 c6 1/2-1/2